00466nam a2200169 i 450000100060000000300090000600500170001500700030003200800410003510000160007624500370009226000500012930000320017949000320021183000320024385200210027523942ES-MaACL20230906152948.0t|021213s1908 fr ||||1| fre d1 aAndrade, J.10aChronometrie / cpar J. Andrade. a[Saint Amand : bs.n., c1908] (fBussiére) aXVI, 382 p. ; c18 x 12 cm.1 aEncyclopédie scientifique0 aEncyclopédie scientifique aES-MaACLjD-4369